Comuni della Provincia di Oristano (con mappa) - Statistics

Statistiche generali
  • Questo quiz è stato fatto 37 volte
  • Il punteggio medio è 51 su 87
Risposte nella Mappa
Le risposte nella mappa del quiz sottostante sono codificate secondo una scala di colori dal rosso al verde in base alla % di persone che hanno risposto correttamente.
 
Statistiche sulle risposte
Risposta % Corretto
Oristano
100%
Bosa
94%
Cabras
94%
Abbasanta
89%
Arborea
83%
Cuglieri
83%
Ghilarza
83%
Marrubiu
78%
Santa Giusta
78%
Terralba
78%
Milis
72%
Mogoro
72%
San Nicolò d'Arcidano
72%
San Vero Milis
72%
Ales
67%
Laconi
67%
Mogorella
67%
Pau
67%
Paulilatino
67%
Samugheo
67%
Sedilo
67%
Solarussa
67%
Tramatza
67%
Uras
67%
Albagiara
61%
Allai
61%
Baratili San Pietro
61%
Bonarcado
61%
Busachi
61%
Fordongianus
61%
Narbolia
61%
Norbello
61%
Nurachi
61%
Ollastra
61%
Riola Sardo
61%
Santu Lussurgiu
61%
Seneghe
61%
Simaxis
61%
Sini
61%
Tresnuraghes
61%
Zeddiani
61%
Zerfaliu
61%
Aidomaggiore
56%
Asuni
56%
Baradili
56%
Bauladu
56%
Bidonì
56%
Magomadas
56%
Montresta
56%
Ruinas
56%
Siamaggiore
56%
Siamanna
56%
Siapiccia
56%
Sorradile
56%
Ula Tirso
56%
Usellus
56%
Villanova Truschedu
56%
Villaurbana
56%
Ardauli
50%
Assolo
50%
Curcuris
50%
Masullas
50%
Morgongiori
50%
Neoneli
50%
Pompu
50%
Scano di Montiferro
50%
Siris
50%
Suni
50%
Villa Verde
50%
Baressa
44%
Boroneddu
44%
Flussio
44%
Gonnosnò
44%
Gonnostramatza
44%
Modolo
44%
Nureci
44%
Palmas Arborea
44%
Sagama
44%
Soddì
44%
Tinnura
44%
Gonnoscodina
39%
Nughedu Santa Vittoria
39%
Senis
39%
Sennariolo
39%
Tadasuni
39%
Villa Sant'Antonio
39%
Simala
33%
Nessun quiz corrispondente trovato
Distribuzione punteggi
Percentuale di utenti per punteggio
Percentile per numero di risposta
I tuoi punteggi nel tempo
Non hai fatto questo quiz